ბათუმის შოთა რუსთაველის სახელმწიფო უნივერსიტეტის ბიბლიოთეკა

ICI 1 Cahier d'exercices A1 / (ბიბ.ჩანაწერი № 51310)

000 -LEADER
fixed length control field 00861nam a2200277Ia 4500
001 - CONTROL NUMBER
control field 18279
003 - CONTROL NUMBER IDENTIFIER
control field GE_BSU
005 - DATE AND TIME OF LATEST TRANSACTION
control field 20230327111707.0
008 - FIXED-LENGTH DATA ELEMENTS--GENERAL INFORMATION
fixed length control field 181216s2007||||fr |||||||||||||| ||fre||
020 ## - INTERNATIONAL STANDARD BOOK NUMBER
International Standard Book Number 9782090353044
040 ## - CATALOGING SOURCE
Transcribing agency GE_BSU
080 ## - UNIVERSAL DECIMAL CLASSIFICATION NUMBER
Universal Decimal Classification number 811.133.1 I-33
245 ## - TITLE STATEMENT
Title ICI 1 Cahier d'exercices A1 /
Statement of responsibility, etc. D.Abry, Y. Daas, C. Fert, C. Parpette, J. Stauber ; Edition Virginie Poitrasson.
264 ## - PRODUCTION, PUBLICATION, DISTRIBUTION, MANUFACTURE, AND COPYRIGHT NOTICE
Place of production, publication, distribution, manufacture Paris :
Name of producer, publisher, distributor, manufacturer CLE International,
Date of production, publication, distribution, manufacture, or copyright notice 200.7
300 ## - PHYSICAL DESCRIPTION
Extent 52 p. ;
Dimensions 30 cm.
Accompanying material +1CD
653 ## - INDEX TERM--UNCONTROLLED
keyword ICI 1 Cahier d'exercices A1
653 ## - INDEX TERM--UNCONTROLLED
keyword ფრანგული ენა
700 ## - ADDED ENTRY--PERSONAL NAME
Personal name Abry,D.
Relator term by
9 (RLIN) 17271
700 ## - ADDED ENTRY--PERSONAL NAME
Personal name Daas,Y.
Relator term by
9 (RLIN) 12726
700 ## - ADDED ENTRY--PERSONAL NAME
Personal name Fert,C.
Relator term by
9 (RLIN) 17272
700 ## - ADDED ENTRY--PERSONAL NAME
Personal name Parpette,C.
Relator term by
9 (RLIN) 17273
700 ## - ADDED ENTRY--PERSONAL NAME
Personal name Stauber,J
Relator term by
9 (RLIN) 17274
700 ## - ADDED ENTRY--PERSONAL NAME
Personal name Poitrasson, Virginie
Relator term Edition
9 (RLIN) 12727
942 ## - ADDED ENTRY ELEMENTS (KOHA)
Koha item type წიგნი
Source of classification or shelving scheme
ეგზემპლარები
Withdrawn status Lost status Source of classification or shelving scheme Damaged status Not for loan Permanent Location Current Location Shelving location Date acquired Cost, normal purchase price Full call number Barcode Date last seen Copy number Price effective from Koha item type Public note
          ბათუმის შოთა რუსთაველის სახელმწიფო უნივერსიტეტის მთავარი ბიბლიოთეკა ბათუმის შოთა რუსთაველის სახელმწიფო უნივერსიტეტის მთავარი ბიბლიოთეკა წიგნსაცავი 2018-12-17 41.75 811.133.1 I-33 46533 2018-12-17 46533 2018-12-17 წიგნი 41.75 GEL.
          ბათუმის შოთა რუსთაველის სახელმწიფო უნივერსიტეტის მთავარი ბიბლიოთეკა ბათუმის შოთა რუსთაველის სახელმწიფო უნივერსიტეტის მთავარი ბიბლიოთეკა წიგნსაცავი 2018-12-17 34.50 811.133.1 I-33 57807 2018-12-17 57107 2018-12-17 წიგნი 34.50 GEL.
          ბათუმის შოთა რუსთაველის სახელმწიფო უნივერსიტეტის მთავარი ბიბლიოთეკა ბათუმის შოთა რუსთაველის სახელმწიფო უნივერსიტეტის მთავარი ბიბლიოთეკა წიგნსაცავი 2018-12-17 34.50 811.133.1 I-33 57809 2018-12-17 57809 2018-12-17 წიგნი 34.50 GEL.
          ბათუმის შოთა რუსთაველის სახელმწიფო უნივერსიტეტის მთავარი ბიბლიოთეკა ბათუმის შოთა რუსთაველის სახელმწიფო უნივერსიტეტის მთავარი ბიბლიოთეკა წიგნსაცავი 2018-12-17 34.50 811.133.1 I-33 57811 2018-12-17 57811 2018-12-17 წიგნი 34.50 GEL.
          ბათუმის შოთა რუსთაველის სახელმწიფო უნივერსიტეტის მთავარი ბიბლიოთეკა ბათუმის შოთა რუსთაველის სახელმწიფო უნივერსიტეტის მთავარი ბიბლიოთეკა წიგნსაცავი 2018-12-17 34.50 811.133.1 I-33 57813 2018-12-17 57813 2018-12-17 წიგნი 34.50 GEL.
          ბათუმის შოთა რუსთაველის სახელმწიფო უნივერსიტეტის მთავარი ბიბლიოთეკა ბათუმის შოთა რუსთაველის სახელმწიფო უნივერსიტეტის მთავარი ბიბლიოთეკა წიგნსაცავი 2018-12-17 34.50 811.133.1 I-33 57815 2018-12-17 57815 2018-12-17 წიგნი 34.50 GEL.